[Event "Santa Catarina-ch U18 Girls"]
[Site "Blumenau"]
[Date "2022.03.26"]
[Round "2"]
[White "Feller, Gabriela Luisa Vice"]
[Black "Thurow, Jennifer"]
[Result "1-0"]
[WhiteElo "1915"]
[BlackElo "1252"]
[PlyCount "69"]
[EventDate "2022.03.25"]
[EventType "swiss"]
[EventRounds "6"]
[EventCountry "BRA"]
[SourceTitle "EXT 2023"]
[Source "ChessBase"]
[SourceDate "2022.10.05"]
[SourceVersion "1"]
[SourceVersionDate "2022.10.05"]
[SourceQuality "1"]

1. d4 Nf6 2. c4 g6 3. Nf3 Bg7 4. Nc3 d5 5. Bg5 c6 6. e3 Bf5 7. Bxf6 Bxf6 8. cxd5 cxd5 9. Qb3 e6 10. Qxb7 Nd7 11. Bb5 e5 12. Nxd5 0-0 13. Bxd7 Bd3 14. Nxf6+ Qxf6 15. Nxe5 Rab8 16. Qc6 Qg5 17. Nxd3 Rb6 18. Qf3 Qa5+ 19. b4 Qa3 20. Qe2 Qc3+ 21. Qd2 Qc4 22. 0-0 h5 23. Rfc1 Qd5 24. Ba4 h4 25. Bb3 Qf5 26. Rc5 Qe4 27. Rac1 h3 28. f3 Qe7 29. Rc7 Qg5 30. Ne5 Rf6 31. Nxf7 R6xf7 32. Rxf7 Rxf7 33. Rc7 Qf6 34. Rxf7 Qh8 35. Qc2 1-0

[Event "Timbo op 2nd"]
[Site "Timbo"]
[Date "2022.02.20"]
[Round "6"]
[White "Thurow, Jennifer"]
[Black "Henriquetta, Rafael Stolf"]
[Result "1-0"]
[WhiteElo "1146"]
[BlackElo "1381"]
[PlyCount "121"]
[EventDate "2022.02.17"]
[EventType "swiss"]
[EventRounds "7"]
[EventCountry "BRA"]
[SourceTitle "EXT 2023"]
[Source "ChessBase"]
[SourceDate "2022.10.05"]
[SourceVersion "1"]
[SourceVersionDate "2022.10.05"]
[SourceQuality "1"]

1. e4 c5 2. Nf3 g6 3. Bc4 Bg7 4. c3 Nc6 5. a3 e6 6. d3 d5 7. exd5 exd5 8. Ba2 Nge7 9. Bg5 0-0 10. 0-0 h6 11. Bh4 Qb6 12. b4 Re8 13. Re1 Be6 14. Qd2 Nf5 15. bxc5 Qxc5 16. d4 Qa5 17. Bg3 Nxg3 18. fxg3 Rac8 19. Qd3 Nb8 20. Nh4 Nd7 21. h3 Nf6 22. Rc1 Ne4 23. c4 Nd6 24. c5 Nb5 25. Nc3 Bxd4+ 26. Kh2 Bxc3 27. Rab1 a6 28. a4 Qxa4 29. Bb3 Qe4 30. Qf1 Qe5 31. Nf3 Qg7 32. Ba4 Rxc5 33. Bxb5 axb5 34. Rxb5 Rxb5 35. Qxb5 Bf6 36. Qxe8+ Kh7 37. Qb5 Qf8 38. Qxb7 Qa3 39. Qc6 Qb3 40. Qc7 d4 41. Re1 g5 42. Qc6 Kg6 43. g4 Bd5 44. Qe8 Bxf3 45. Qg8+ Bg7 46. gxf3 Qxf3 47. Re7 Qf2+ 48. Kh1 d3 49. Rd7 d2 50. Rd6+ f6 51. Qe8+ Kh7 52. Qe4+ f5 53. Qxf5+ Qxf5 54. gxf5 Bc3 55. Kg2 Kg7 56. Kf3 h5 57. Ke2 Kf7 58. Rg6 Bf6 59. Kxd2 h4 60. Ke3 Ke7 61. Kf3 1-0

[Event "Pan American-ch U1700"]
[Site "Timbo"]
[Date "2021.12.02"]
[Round "4"]
[White "Da Luz, Fabio Rodolfo"]
[Black "Thurow, Jennifer"]
[Result "1-0"]
[WhiteElo "1381"]
[BlackElo "1191"]
[PlyCount "78"]
[EventDate "2021.12.01"]
[EventType "swiss"]
[EventRounds "9"]
[EventCountry "BRA"]
[SourceTitle "CBM 205 Extra"]
[Source "ChessBase"]
[SourceDate "2022.01.31"]
[SourceVersion "1"]
[SourceVersionDate "2022.01.31"]
[SourceQuality "1"]

1. d4 Nf6 2. c4 g6 3. Nc3 d5 4. e3 Bg7 5. Nf3 Bg4 6. Be2 0-0 7. 0-0 Nbd7 8. h3 Bxf3 9. Bxf3 Nb6 10. cxd5 Nfxd5 11. Nxd5 Nxd5 12. e4 Nb6 13. Be3 Nc4 14. Bf4 Bxd4 15. Rc1 Ne5 16. Be2 Nc6 17. Qb3 Na5 18. Qa4 c5 19. Rfd1 b6 20. Be3 e5 21. b4 Nb7 22. Bf3 Qf6 23. Bd2 Rfd8 24. Kf1 g5 25. Be1 h5 26. Bxh5 Nd6 27. Rd3 Qf4 28. Qc2 Qh2 29. Bf3 Rac8 30. Qd2 f6 31. Ke2 Qg1 32. h4 cxb4 33. hxg5 Nc4 34. Qxb4 Na5 35. Qe7 fxg5 36. Qe6+ Kg7 37. Rxc8 Rxc8 38. Qxc8 Qh2 39. Qd7+ Kf8 1-0

[Event "Pan American-ch U1700"]
[Site "Timbo"]
[Date "2021.12.01"]
[Round "1"]
[White "Thurow, Jennifer"]
[Black "Da Cunha, Gastao"]
[Result "0-1"]
[WhiteElo "1191"]
[BlackElo "1564"]
[PlyCount "104"]
[EventDate "2021.12.01"]
[EventType "swiss"]
[EventRounds "9"]
[EventCountry "BRA"]
[SourceTitle "CBM 205 Extra"]
[Source "ChessBase"]
[SourceDate "2022.01.31"]
[SourceVersion "1"]
[SourceVersionDate "2022.01.31"]
[SourceQuality "1"]

1. e4 e6 2. Nf3 d5 3. exd5 exd5 4. Nc3 Nf6 5. d4 c6 6. Bg5 Bd6 7. Ne5 0-0 8. Bd3 Nbd7 9. Ng4 Re8+ 10. Ne2 a6 11. a4 Qa5+ 12. c3 Nxg4 13. h3 Ngf6 14. 0-0 Qc7 15. Qd2 Ne4 16. Bxe4 Rxe4 17. Rae1 Nf8 18. b3 Bd7 19. c4 Rae8 20. c5 Be7 21. Bf4 Qc8 22. Kh2 Bd8 23. Ng3 Rxe1 24. Rxe1 Rxe1 25. Qxe1 Bf6 26. Qd2 Bf5 27. Bd6 Bg6 28. Qe3 Ne6 29. Ne2 Qd7 30. f4 Nf8 31. Ng1 Qe6 32. Qf2 Qe4 33. Nf3 Qc2 34. Qe3 Be4 35. Nd2 Qd3 36. Qe1 Bxd4 37. Nf3 Qe3 38. Qd1 Bxf3 39. gxf3 Bxc5 40. Be5 Qf2+ 41. Kh1 Bb4 42. Qd4 Qxd4 43. Bxd4 f5 44. Kg2 Ne6 45. Be5 Kf7 46. Kf2 Bd2 47. Kg3 Nc5 48. h4 Nxb3 49. h5 Nc5 50. Kh4 Nxa4 51. Kg5 b5 52. Kxf5 b4 0-1

[Event "Rio Negrinho Froebel op"]
[Site "Rio Negrinho"]
[Date "2021.07.11"]
[Round "5"]
[White "Da Cunha, Matheus Mengarda"]
[Black "Thurow, Jennifer"]
[Result "0-1"]
[WhiteElo "1292"]
[BlackElo "1128"]
[PlyCount "88"]
[EventDate "2021.07.09"]
[EventType "swiss"]
[EventRounds "6"]
[EventCountry "BRA"]
[SourceTitle "EXT 2022"]
[Source "ChessBase"]
[SourceDate "2021.10.06"]
[SourceVersion "1"]
[SourceVersionDate "2021.10.06"]
[SourceQuality "1"]

1. d4 Nf6 2. e3 g6 3. Bd3 Bg7 4. f4 d5 5. Nd2 b6 6. c3 Bb7 7. Ngf3 Ne4 8. 0-0 Nd7 9. Ne5 0-0 10. g4 e6 11. Qf3 Nxe5 12. dxe5 Nc5 13. Bc2 d4 14. Qe2 d3 15. Bxd3 Nxd3 16. b4 Nxc1 17. Raxc1 a5 18. b5 Qh4 19. e4 f5 20. exf5 exf5 21. gxf5 Rxf5 22. e6 Re8 23. Nf3 Bxf3 24. Rxf3 Qg4+ 25. Kh1 Rxf4 26. Re3 Qxe2 27. Rxe2 Bf8 28. Rce1 Bd6 29. Kg2 Kf8 30. h3 h5 31. Kg3 Rf1+ 32. Kh4 Rxe1 33. Rxe1 Be7+ 34. Kg3 g5 35. Rf1+ Kg8 36. Rf5 Bd6+ 37. Kf3 Rf8 38. Ke4 Rxf5 39. Kxf5 g4 40. hxg4 hxg4 41. Kxg4 Kf8 42. a4 Ke7 43. Kf5 Bh2 44. c4 Bd6 0-1

[Event "Rio Negrinho Froebel op"]
[Site "Rio Negrinho"]
[Date "2021.07.11"]
[Round "6"]
[White "Thurow, Jennifer"]
[Black "Rodrigues Mota, Sophia Lorena"]
[Result "0-1"]
[WhiteElo "1128"]
[BlackElo "1357"]
[PlyCount "76"]
[EventDate "2021.07.09"]
[EventType "swiss"]
[EventRounds "6"]
[EventCountry "BRA"]
[SourceTitle "EXT 2022"]
[Source "ChessBase"]
[SourceDate "2021.10.06"]
[SourceVersion "1"]
[SourceVersionDate "2021.10.06"]
[SourceQuality "1"]

1. e4 c5 2. Nf3 d6 3. Bc4 Nf6 4. d3 a6 5. a3 b5 6. Ba2 h6 7. Be3 Bb7 8. 0-0 Nbd7 9. Nbd2 Qc7 10. c3 Rc8 11. Qc2 e6 12. Rfe1 g5 13. Nf1 Be7 14. Rad1 Rg8 15. Ng3 Ng4 16. Bc1 Nge5 17. Nxe5 Nxe5 18. f4 gxf4 19. Bxf4 Ng4 20. h3 Nf6 21. Qe2 e5 22. Nh5 exf4 23. Nxf6+ Bxf6 24. Qh5 Rg6 25. Rf1 Ke7 26. Rxf4 Rcg8 27. Rd2 c4 28. Rff2 Bg5 29. Rde2 Bc8 30. d4 Kd8 31. Bb1 R6g7 32. e5 d5 33. Qf3 Bh4 34. Rf1 Qe7 35. Qxd5+ Kc7 36. Qe4 Bb7 37. d5 Qc5+ 38. Kh1 Qxd5 0-1

[Event "Rio Negrinho Froebel op"]
[Site "Rio Negrinho"]
[Date "2021.07.10"]
[Round "3"]
[White "Reis, Oseias Marcelino"]
[Black "Thurow, Jennifer"]
[Result "1/2-1/2"]
[WhiteElo "1757"]
[BlackElo "1128"]
[PlyCount "59"]
[EventDate "2021.07.09"]
[EventType "swiss"]
[EventRounds "6"]
[EventCountry "BRA"]
[SourceTitle "EXT 2022"]
[Source "ChessBase"]
[SourceDate "2021.10.06"]
[SourceVersion "1"]
[SourceVersionDate "2021.10.06"]
[SourceQuality "1"]

1. e4 c5 2. Nc3 e6 3. f4 Nc6 4. Nf3 Qc7 5. g3 a6 6. Bg2 b5 7. d3 Bb7 8. 0-0 Nf6 9. e5 Ng4 10. Ne4 d6 11. Nfg5 Nh6 12. exd6 Bxd6 13. Nxd6+ Qxd6 14. Be3 f5 15. Qh5+ Kd7 16. Nf7 Nxf7 17. Qxf7+ Qe7 18. Qxe7+ Kxe7 19. Bxc5+ Kf6 20. Rae1 Rab8 21. Bd6 Rbd8 22. Be5+ Kf7 23. Rf2 Rhg8 24. d4 h6 25. Rfe2 g5 26. c3 g4 27. Bf6 Rde8 28. Bh4 Na5 29. Bxb7 Nxb7 30. Re5 1/2-1/2

[Event "Rio Negrinho Froebel op"]
[Site "Rio Negrinho"]
[Date "2021.07.09"]
[Round "2"]
[White "Thurow, Jennifer"]
[Black "Figueiredo, Oneide De Souza"]
[Result "1-0"]
[WhiteElo "1128"]
[BlackElo "1372"]
[PlyCount "117"]
[EventDate "2021.07.09"]
[EventType "swiss"]
[EventRounds "6"]
[EventCountry "BRA"]
[SourceTitle "EXT 2022"]
[Source "ChessBase"]
[SourceDate "2021.10.06"]
[SourceVersion "1"]
[SourceVersionDate "2021.10.06"]
[SourceQuality "1"]

1. e4 e5 2. Nf3 Nc6 3. Bc4 d6 4. 0-0 Nd4 5. d3 Nxf3+ 6. Qxf3 Qf6 7. Qg3 Be6 8. Bb3 a6 9. f4 Bxb3 10. axb3 Qg6 11. Qf3 f5 12. exf5 Qxf5 13. Qxb7 Rd8 14. Qxc7 e4 15. Qc6+ Kf7 16. Qxe4 g6 17. Qxf5+ gxf5 18. Rxa6 Be7 19. Be3 Nf6 20. b4 Nd5 21. Bd2 Rhe8 22. c4 Nc7 23. Ra7 Rc8 24. Be3 d5 25. b5 dxc4 26. dxc4 Ne6 27. Nd2 Kf8 28. Rc1 Nc5 29. b3 Red8 30. Rb1 Rd3 31. Re1 Nxb3 32. Nxb3 Rxb3 33. Ra4 Bc5 34. Bxc5+ Rxc5 35. Re5 Rb1+ 36. Kf2 Rb2+ 37. Ke3 Rc7 38. Kd3 Rd7+ 39. Kc3 Rxg2 40. b6 Rgd2 41. Ra7 R7d3+ 42. Kb4 Rb2+ 43. Kc5 Rdb3 44. Re6 Rxh2 45. b7 Rhb2 46. Rf6+ Kg8 47. Rxf5 Rxb7 48. Rxb7 Rxb7 49. Kd6 Rf7 50. Rxf7 Kxf7 51. c5 h5 52. c6 h4 53. c7 h3 54. c8Q h2 55. Qh3 h1Q 56. Qxh1 Kf6 57. Qh5 Kg7 58. f5 Kf6 59. Qg6# 1-0

[Event "Timbo op"]
[Site "Timbo"]
[Date "2021.06.11"]
[Round "1"]
[White "Ribeiro Carrico, Victor Hugo"]
[Black "Thurow, Jennifer"]
[Result "1-0"]
[WhiteElo "1750"]
[BlackElo "1144"]
[PlyCount "47"]
[EventDate "2021.06.11"]
[EventType "swiss"]
[EventRounds "6"]
[EventCountry "BRA"]
[SourceTitle "EXT 2022"]
[Source "ChessBase"]
[SourceDate "2021.10.06"]
[SourceVersion "1"]
[SourceVersionDate "2021.10.06"]
[SourceQuality "1"]

1. e4 c5 2. Nf3 e6 3. Nc3 Nc6 4. g3 Be7 5. Bg2 d5 6. 0-0 Nf6 7. e5 Ng4 8. Re1 Qc7 9. d4 a6 10. Bf4 cxd4 11. Nxd4 Nxd4 12. Qxg4 Nf5 13. Nxd5 Qd8 14. Ne3 0-0 15. Be4 g6 16. c4 f6 17. Rad1 Qa5 18. Nxf5 exf5 19. Bd5+ Kg7 20. Qh4 h5 21. exf6+ Bxf6 22. Re7+ Kh8 23. Be5 Bxe5 24. Qg5 1-0

[Event "Sao Bento do Sul op 05"]
[Site "Sao Bento do Sul"]
[Date "2021.05.08"]
[Round "3"]
[White "Thurow, Jennifer"]
[Black "Purim, Kaiane"]
[Result "1/2-1/2"]
[WhiteElo "1094"]
[BlackElo "1143"]
[PlyCount "93"]
[EventDate "2021.05.07"]
[EventType "swiss"]
[EventRounds "6"]
[EventCountry "BRA"]
[SourceTitle "EXT 2022"]
[Source "ChessBase"]
[SourceDate "2021.10.06"]
[SourceVersion "1"]
[SourceVersionDate "2021.10.06"]
[SourceQuality "1"]

1. e4 c5 2. Nf3 e6 3. a3 d5 4. exd5 exd5 5. Be2 Nc6 6. d3 Nf6 7. 0-0 Be7 8. Nbd2 0-0 9. Re1 b5 10. c4 bxc4 11. dxc4 d4 12. Nf1 h6 13. Ng3 Be6 14. Bd3 Qc7 15. h3 Bd6 16. Ne4 Nxe4 17. Rxe4 Bf5 18. Re1 Bxd3 19. Qxd3 Ne5 20. Nxe5 Bxe5 21. Re4 Rfe8 22. Kh1 Bf6 23. Bd2 Qc6 24. Rg4 Be5 25. Re1 Bc7 26. Rxe8+ Rxe8 27. b4 Qa4 28. Qb1 Re2 29. Bxh6 d3 30. Qa1 Rb2 31. Rxg7+ Kh8 32. Rxf7 Be5 33. f4 Bc3 34. Bg7+ Bxg7 35. Rxg7 Kxg7 36. Qxb2+ Kg6 37. f5+ Kxf5 38. Qf2+ Ke4 39. Qf3+ Kd4 40. Qf6+ Kxc4 41. Qe6+ Kc3 42. Qe5+ Kc2 43. Qxc5+ Kd1 44. Qh5+ Kd2 45. Qg5+ Kd1 46. Qg4+ Kd2 47. Qf4+ 1/2-1/2

[Event "Sao Bento do Sul op 05"]
[Site "Sao Bento do Sul"]
[Date "2021.05.07"]
[Round "1"]
[White "Thurow, Jennifer"]
[Black "Ribeiro Carrico, Victor Hugo"]
[Result "0-1"]
[WhiteElo "1094"]
[BlackElo "1753"]
[PlyCount "50"]
[EventDate "2021.05.07"]
[EventType "swiss"]
[EventRounds "6"]
[EventCountry "BRA"]
[SourceTitle "EXT 2022"]
[Source "ChessBase"]
[SourceDate "2021.10.06"]
[SourceVersion "1"]
[SourceVersionDate "2021.10.06"]
[SourceQuality "1"]

1. e4 e5 2. Nf3 Nc6 3. Bc4 Nf6 4. a3 Nxe4 5. d3 Nf6 6. Bg5 Be7 7. Nbd2 0-0 8. 0-0 h6 9. Bh4 d5 10. Ba2 Bg4 11. Re1 g5 12. Bg3 Bd6 13. h3 Bh5 14. Bh2 g4 15. Nxe5 g3 16. Nxc6 gxh2+ 17. Kh1 bxc6 18. f3 Kh8 19. Nf1 Rg8 20. Ne3 Nh7 21. Nf5 Qg5 22. Ne3 Rae8 23. Qd2 Bxf3 24. gxf3 Rxe3 25. Rxe3 Qg1+ 0-1

[Event "Timbo op"]
[Site "Timbo"]
[Date "2021.02.20"]
[Round "3"]
[White "De Freitas, Sidinei Melo"]
[Black "Thurow, Jennifer"]
[Result "1-0"]
[WhiteElo "1504"]
[BlackElo "1104"]
[PlyCount "54"]
[EventDate "2021.02.19"]
[EventType "swiss"]
[EventRounds "6"]
[EventCountry "BRA"]
[SourceTitle "EXT 2022"]
[Source "ChessBase"]
[SourceDate "2021.10.06"]
[SourceVersion "1"]
[SourceVersionDate "2021.10.06"]
[SourceQuality "1"]

1. e4 c5 2. Nc3 Nc6 3. f4 e6 4. Nf3 Be7 5. Bb5 Nf6 6. b3 a6 7. Bxc6 dxc6 8. 0-0 0-0 9. Bb2 c4 10. bxc4 Qb6+ 11. Kh1 Qxb2 12. Rb1 Qa3 13. Rb3 Qc5 14. Qe2 Qh5 15. d4 b5 16. cxb5 axb5 17. Qd3 Ba6 18. Qe3 b4 19. Ne2 Bxe2 20. Qxe2 c5 21. e5 Nd5 22. Qc4 Rfc8 23. dxc5 Bxc5 24. Qe4 Qg6 25. Qe2 Nxf4 26. Qd2 Qg4 27. h3 Qg3 1-0

[Event "Timbo op"]
[Site "Timbo"]
[Date "2021.02.19"]
[Round "1"]
[White "Kikuchi Cadilhac, Mariana Sawae"]
[Black "Thurow, Jennifer"]
[Result "1-0"]
[WhiteElo "1824"]
[BlackElo "1104"]
[PlyCount "55"]
[EventDate "2021.02.19"]
[EventType "swiss"]
[EventRounds "6"]
[EventCountry "BRA"]
[SourceTitle "EXT 2022"]
[Source "ChessBase"]
[SourceDate "2021.10.06"]
[SourceVersion "1"]
[SourceVersionDate "2021.10.06"]
[SourceQuality "1"]

1. e4 c5 2. Nf3 Nc6 3. d4 cxd4 4. Nxd4 e6 5. c4 Bb4+ 6. Nc3 Bxc3+ 7. bxc3 Nge7 8. Nb5 d5 9. Bf4 0-0 10. cxd5 exd5 11. Nc7 Ng6 12. Bg3 Qe7 13. Be2 Qxe4 14. f3 Qe3 15. Nxa8 Nf4 16. Bxf4 Qxf4 17. 0-0 h5 18. Qxd5 h4 19. Qe4 Qg5 20. Nc7 h3 21. g3 Qc5+ 22. Kh1 Qxc3 23. Nd5 Qd2 24. Rf2 g6 25. Nf6+ Kg7 26. Ne8+ Kg8 27. Bc4 Qxf2 28. Qxg6+ 1-0

[Event "Sao Bento do Sul op 4th"]
[Site "Sao Bento do Sul"]
[Date "2020.11.01"]
[Round "5"]
[White "Martins, Henrique Da Cunha"]
[Black "Thurow, Jennifer"]
[Result "1-0"]
[WhiteElo "1514"]
[BlackElo "1124"]
[PlyCount "49"]
[EventDate "2020.10.31"]
[EventType "swiss"]
[EventRounds "6"]
[EventCountry "BRA"]
[SourceTitle "EXT 2022"]
[Source "ChessBase"]
[SourceDate "2021.10.06"]
[SourceVersion "1"]
[SourceVersionDate "2021.10.06"]
[SourceQuality "1"]

1. e4 b6 2. d4 Bb7 3. Bd3 e6 4. Be3 Be7 5. Nd2 Nf6 6. f4 d6 7. Ngf3 c5 8. c3 Nbd7 9. h3 0-0 10. 0-0 h6 11. g4 d5 12. e5 Ne4 13. f5 exf5 14. gxf5 f6 15. e6 Nb8 16. Qc2 Nxd2 17. Qxd2 c4 18. Bc2 Qd6 19. Bf4 Qc6 20. Qh2 Qb5 21. Bxh6 gxh6 22. Qg3+ Kh7 23. Qg6+ Kh8 24. Qxh6+ Kg8 25. Kh1 1-0

[Event "Sao Bento do Sul op 4th"]
[Site "Sao Bento do Sul"]
[Date "2020.10.31"]
[Round "1"]
[White "Cordioli, Jairo Ribeiro"]
[Black "Thurow, Jennifer"]
[Result "1-0"]
[WhiteElo "1812"]
[BlackElo "1124"]
[PlyCount "63"]
[EventDate "2020.10.31"]
[EventType "swiss"]
[EventRounds "6"]
[EventCountry "BRA"]
[SourceTitle "EXT 2022"]
[Source "ChessBase"]
[SourceDate "2021.10.06"]
[SourceVersion "1"]
[SourceVersionDate "2021.10.06"]
[SourceQuality "1"]

1. d4 c5 2. d5 e6 3. c4 Be7 4. Nf3 Nf6 5. Nc3 d6 6. e4 Nbd7 7. Bd3 b6 8. h3 Bb7 9. 0-0 Rb8 10. dxe6 fxe6 11. Ng5 Qc8 12. Nxe6 g6 13. Bh6 Ne5 14. Nf4 Ng8 15. Bg7 Bf6 16. Bxh8 Bxh8 17. Nfd5 Nf6 18. f4 Ned7 19. Bc2 a6 20. Nxf6+ Bxf6 21. Qxd6 Bd4+ 22. Kh1 Nf8 23. Rae1 Kf7 24. f5 Kg8 25. Nd5 Qe8 26. e5 Nd7 27. Ne7+ Kg7 28. fxg6 hxg6 29. Bxg6 Qh8 30. Nf5+ Kg8 31. Qe6+ Kf8 32. Qf7# 1-0

[Event "Santa Catarina-ch (Women)"]
[Site "Lages"]
[Date "2020.02.16"]
[Round "5"]
[White "Thurow, Jennifer"]
[Black "Darcanal, Emanuele1111"]
[Result "0-1"]
[WhiteElo "1138"]
[BlackElo "1061"]
[PlyCount "100"]
[EventDate "2020.02.14"]
[EventType "swiss"]
[EventRounds "6"]
[EventCountry "BRA"]
[SourceTitle "CBM 195 Extra"]
[Source "ChessBase"]
[SourceDate "2020.05.31"]
[SourceVersion "1"]
[SourceVersionDate "2020.05.31"]
[SourceQuality "1"]

1. c4 e5 2. g3 d6 3. Bg2 f6 4. e3 Be6 5. Bxb7 Nd7 6. Bg2 Rb8 7. Nf3 Bxc4 8. Nh4 Bd3 9. Qf3 g5 10. Qh5+ Ke7 11. Bd5 Qe8 12. Qg4 Kd8 13. Na3 Nh6 14. Qa4 a6 15. Ng2 Nb6 16. Qa5 Nxd5 17. Qxd5 Bb5 18. Nxb5 Qxb5 19. Qe6 Bg7 20. f4 gxf4 21. gxf4 Qc6 22. Rg1 Re8 23. Qh3 f5 24. Nh4 Bf8 25. Nxf5 Nxf5 26. Qxf5 exf4 27. Rg8 Be7 28. Rg7 fxe3 29. dxe3 h6 30. e4 Rf8 31. Qh3 Qxe4+ 32. Kd1 Qd4+ 33. Kc2 Qxg7 34. Bxh6 Qg6+ 35. Kc3 Qf6+ 36. Kc4 Rh8 37. Rg1 Rxh6 38. Qg2 Rxb2 39. Qa8+ Kd7 40. Qxa6 Qe6+ 41. Kc3 Rhxh2 42. Qa4+ c6 43. Qa7+ Ke8 44. Qa8+ Kd7 45. Qa7+ Kc8 46. Qa8+ Kc7 47. Qa7+ Rb7 48. Qa5+ Kb8 49. Qa4 Qe3+ 50. Kc4 Qxg1 0-1

[Event "Santa Catarina-ch (Women)"]
[Site "Lages"]
[Date "2020.02.14"]
[Round "2"]
[White "Thurow, Jennifer"]
[Black "Gomes, Sofia Leticia Pinz"]
[Result "0-1"]
[WhiteElo "1138"]
[BlackElo "1473"]
[PlyCount "70"]
[EventDate "2020.02.14"]
[EventType "swiss"]
[EventRounds "6"]
[EventCountry "BRA"]
[SourceTitle "CBM 195 Extra"]
[Source "ChessBase"]
[SourceDate "2020.05.31"]
[SourceVersion "1"]
[SourceVersionDate "2020.05.31"]
[SourceQuality "1"]

1. c4 Nf6 2. g3 g6 3. Bg2 Bg7 4. e3 d6 5. Ne2 0-0 6. Nbc3 c5 7. 0-0 Nc6 8. d3 Rb8 9. a3 Bd7 10. b4 cxb4 11. axb4 Nxb4 12. Rxa7 Qb6 13. Ra1 Qc7 14. Bb2 Qc8 15. Re1 Bf5 16. Ba3 Nxd3 17. Nd5 Nxd5 18. Bxd5 Bxa1 19. Qxa1 Nxe1 20. Qxe1 Be6 21. Nf4 Bxd5 22. Nxd5 Qe6 23. Qc3 f6 24. f3 Rbc8 25. Nb6 Rc6 26. Qd4 Qe5 27. Nd5 Qxd4 28. exd4 Kf7 29. c5 Ra8 30. Bb4 Ra2 31. Kf1 dxc5 32. Bxc5 Re6 33. Nc7 Ree2 34. d5 Rec2 35. Bb6 Ra1# 0-1

[Event "Florianopolis op 6th"]
[Site "Florianopolis"]
[Date "2020.01.23"]
[Round "6"]
[White "Steuck, Camilli"]
[Black "Thurow, Jennifer"]
[Result "1-0"]
[WhiteElo "1269"]
[BlackElo "1164"]
[PlyCount "95"]
[EventDate "2020.01.20"]
[EventType "swiss"]
[EventRounds "10"]
[EventCountry "BRA"]
[SourceTitle "CBM 194 Extra"]
[Source "ChessBase"]
[SourceDate "2020.03.31"]
[SourceVersion "1"]
[SourceVersionDate "2020.03.31"]
[SourceQuality "1"]

1. e4 c5 2. Nf3 Nc6 3. Bc4 e6 4. c3 Nf6 5. d3 Be7 6. 0-0 0-0 7. Nbd2 d5 8. exd5 Nxd5 9. Ne4 Nf6 10. Ng3 Bd6 11. Ne2 Qc7 12. h3 a6 13. Bg5 Nh5 14. Qd2 Ne5 15. Nxe5 Bxe5 16. Rfe1 b5 17. Bb3 Bb7 18. Bc2 Qc6 19. f3 Qc7 20. Bh4 Nf4 21. Nxf4 Bxf4 22. Qf2 Bd6 23. Qd2 Qb6 24. Kf1 c4 25. d4 e5 26. dxe5 Bc5 27. Qg5 Rad8 28. Qh5 h6 29. Bxd8 Rxd8 30. Re2 Bc6 31. Qf5 g6 32. Qf4 Kh7 33. Rd1 b4 34. Qxf7+ Kh8 35. Qxg6 Rd7 36. Qxh6+ Kg8 37. e6 Re7 38. Re5 Qb7 39. Rxc5 Bxf3 40. Rg5+ Rg7 41. Rxg7+ Qxg7 42. Qxg7+ Kxg7 43. gxf3 Kf6 44. e7 Kf7 45. e8Q+ Kg7 46. Qc6 b3 47. Rd7+ Kf8 48. Qc8# 1-0

[Event "Sao Bento do Sul op"]
[Site "Sao Bento do Sul"]
[Date "2019.08.23"]
[Round "2"]
[White "Mallon, Felipe Gustavo"]
[Black "Thurow, Jennifer"]
[Result "1-0"]
[WhiteElo "1474"]
[BlackElo "1170"]
[PlyCount "55"]
[EventDate "2019.08.23"]
[EventType "swiss"]
[EventRounds "7"]
[EventCountry "BRA"]
[SourceTitle "EXT 2020"]
[Source "ChessBase"]
[SourceDate "2019.10.17"]
[SourceVersion "1"]
[SourceVersionDate "2019.10.17"]
[SourceQuality "1"]

1. e4 c5 2. Nf3 e6 3. d4 cxd4 4. Nxd4 g6 5. Nc3 Bg7 6. Be3 Ne7 7. h4 h5 8. Bc4 Nbc6 9. Qd2 d6 10. 0-0-0 Na5 11. Bb5+ Bd7 12. Bxd7+ Qxd7 13. Ndb5 Nc4 14. Nxd6+ Qxd6 15. Qxd6 Nxd6 16. Rxd6 f5 17. exf5 exf5 18. Re1 Rf8 19. Bg5 Rf7 20. Nd5 Kf8 21. Bxe7+ Rxe7 22. Nxe7 Re8 23. Nxg6+ Kf7 24. Rd7+ Kxg6 25. Rxe8 Kf6 26. Ree7 Bh6+ 27. Kd1 Kg6 28. Re6# 1-0

[Event "Sao Bento do Sul op 07"]
[Site "Sao Bento do Sul"]
[Date "2019.07.13"]
[Round "3"]
[White "Espindola, Carlos Marcelo"]
[Black "Thurow, Jennifer"]
[Result "1-0"]
[WhiteElo "1419"]
[BlackElo "1133"]
[PlyCount "20"]
[EventDate "2019.07.12"]
[EventType "swiss"]
[EventRounds "7"]
[EventCountry "BRA"]
[SourceTitle "CBM 195 Extra"]
[Source "ChessBase"]
[SourceDate "2020.05.31"]
[SourceVersion "1"]
[SourceVersionDate "2020.05.31"]
[SourceQuality "1"]

1. Nf3 c5 2. g3 Nc6 3. Bg2 Nf6 4. 0-0 e5 5. d3 Be7 6. c4 0-0 7. Nc3 d5 8. cxd5 Nxd5 9. Nxd5 Qxd5 10. Bg5 Bxg5 1-0

[Event "Sao Bento do Sul op 07"]
[Site "Sao Bento do Sul"]
[Date "2019.07.12"]
[Round "2"]
[White "Thurow, Jennifer"]
[Black "Barbosa, Jefferson Lucas Mun"]
[Result "0-1"]
[WhiteElo "1133"]
[BlackElo "2004"]
[PlyCount "80"]
[EventDate "2019.07.12"]
[EventType "swiss"]
[EventRounds "7"]
[EventCountry "BRA"]
[SourceTitle "CBM 195 Extra"]
[Source "ChessBase"]
[SourceDate "2020.05.31"]
[SourceVersion "1"]
[SourceVersionDate "2020.05.31"]
[SourceQuality "1"]

1. c4 Nf6 2. Nc3 e6 3. d3 d5 4. cxd5 exd5 5. a3 c6 6. Bg5 Bd6 7. e4 0-0 8. Nf3 Re8 9. Qe2 Bg4 10. h3 Bh5 11. Qe3 Nbd7 12. Be2 h6 13. Bh4 Qc7 14. 0-0 Bf4 15. Qd4 g5 16. Bg3 Bxg3 17. fxg3 Qxg3 18. e5 Bxf3 19. Rxf3 Qxe5 20. Qxe5 Rxe5 21. Re1 Rae8 22. d4 R5e7 23. Kf2 Kg7 24. b4 Ne4+ 25. Nxe4 Rxe4 26. a4 R8e7 27. b5 Rxd4 28. Rc1 c5 29. Rf5 Rd2 30. Re1 c4 31. Kf1 c3 32. Rf2 c2 33. Rc1 Nc5 34. Bf3 Rxf2+ 35. Kxf2 Nd3+ 36. Kf1 Nxc1 37. Bxd5 Nd3 38. Kg1 c1Q+ 39. Kh2 Qf4+ 40. Kg1 Re1# 0-1

[Event "Sao Bento do Sul op 05"]
[Site "Sao Bento do Sul"]
[Date "2019.05.18"]
[Round "3"]
[White "Thurow, Jennifer"]
[Black "Ribeiro, Kauan Rafael"]
[Result "1-0"]
[WhiteElo "1198"]
[BlackElo "1098"]
[PlyCount "73"]
[EventDate "2019.05.17"]
[EventType "swiss"]
[EventRounds "7"]
[EventCountry "BRA"]
[SourceTitle "CBM 195 Extra"]
[Source "ChessBase"]
[SourceDate "2020.05.31"]
[SourceVersion "1"]
[SourceVersionDate "2020.05.31"]
[SourceQuality "1"]

1. c4 e5 2. Nc3 d6 3. Nf3 Nf6 4. e4 g6 5. g3 Bg7 6. Bg2 Be6 7. 0-0 Qe7 8. d3 Nbd7 9. Bg5 0-0 10. Nd5 Bxd5 11. cxd5 Rae8 12. Qd2 h6 13. Bxh6 Bxh6 14. Qxh6 Ng4 15. Qh4 Qxh4 16. Nxh4 Ndf6 17. Nf3 c5 18. dxc6 bxc6 19. h3 Nh6 20. g4 d5 21. g5 dxe4 22. dxe4 Nxe4 23. gxh6 f6 24. Nh4 Kh7 25. Bxe4 f5 26. Bxc6 Rc8 27. Rac1 Rg8 28. Bd5 Rxc1 29. Bxg8+ Kxg8 30. Rxc1 Kh7 31. Rc7+ Kxh6 32. Rxa7 Kh5 33. Rh7+ Kg5 34. Nf3+ Kf4 35. Kg2 e4 36. Nh4 g5 37. Ng6# 1-0